000 00266nam a2200109Ia 4500
008 220204s9999 xx 000 0 und d
082 _bDOM
100 _aDomonkos, Anthony N
245 0 _aAndrews disease of the skin
260 _aLondon
_bSaunders
_c1971
942 _cBK
999 _c31881
_d31881